[Event "EYTCC Open U18 2018"]
[Site "Bad Blankeburg"]
[Date "2018.07.13"]
[Round "2"]
[White "Riess, Alexander"]
[Black "Gumularz, Szymon"]
[Result "0-1"]
[WhiteElo "2292"]
[BlackElo "2461"]
[Annotator "TA"]
[PlyCount "64"]
[EventDate "2018.07.12"]
[EventType "swiss"]
[EventCountry "GER"]
[SourceTitle "playchess.com"]
[Source "ChessBase"]
[SourceQuality "1"]

{[%evp 17,64,78,67,31,35,31,31,27,33,32,44,30,33,14,50,19,10,-40,-21,-52,-1,-26,-27,-102,-108,-215,-196,-425,-417,-487,-447,-472,-277,-488,-483,-434,-383,-358,-348,-267,-278,-371,-285,-275,-275,-552,-548,-909,-922]} 1. d4 e6 2. c4 b6 3. e4 Bb7 4. Bd3 Nc6 5. Ne2 Nb4 6. Nbc3 {A40: Verschiedene (seltene) Antworten auf 1.d4} Nxd3+ 7. Qxd3 g6 (7... Ne7 8. O-O d6 9. Be3 Qd7 10. d5 Ng6 11. f4 Be7 12. Bd4 e5 13. fxe5 dxe5 {0-1 (49) Matlakov,M (2728)-Andreikin,D (2706) Tbilisi 2017}) 8. h4 h5 9. Bg5 Be7 {LiveBook: 6 Partien} 10. Bxe7 (10. Qe3 {keeps more tension.} d6 11. f3 Qd7 12. O-O O-O-O 13. b4) 10... Qxe7 11. O-O-O d6 12. f3 $146 ({Vorgänger:} 12. d5 e5 13. Kb1 Nf6 {0-1 (53) Ivanisevic,I (2611)-Berg,E (2612) Tromsoe 2010}) 12... Nf6 13. Kb1 a6 14. Rc1 Nd7 15. Qe3 c6 {[%cal Bc7c6,Bc6c5][%mdl 32]} 16. Qf2 b5 17. cxb5 axb5 18. a3 Ba6 (18... O-O $15) 19. Na2 $1 $11 c5 20. b4 (20. Rhd1 $11 {bleibt in der Remisbreite.}) 20... O-O 21. g4 (21. dxc5 $17 dxc5 22. Qe3 (22. bxc5 Ne5 $17)) 21... Bb7 22. Rc3 $2 {[#]} (22. gxh5 Rxa3 23. Rc3 cxb4 24. Rxa3 bxa3 25. Qe3) 22... hxg4 $19 23. dxc5 dxc5 24. bxc5 Ne5 (24... gxf3 $142 25. Ng3 Ne5) 25. h5 $2 (25. Nd4 {ist der einzige Weg für Weiss..} Rfc8 26. Nxb5) 25... Qf6 26. Qe3 {Jetzt Sd4 und Weiss darf weiter klammern.} g5 27. Nd4 Nc4 28. Rxc4 bxc4 29. e5 Qf4 30. Qxf4 gxf4 31. Rg1 $2 {[#]} (31. c6 {war die einzige Chance.} Rad8 32. Rh4 Rxd4 33. Rxg4+ Kh7 34. cxb7) 31... g3 32. Ne2 Rxa3 {Precision: Weiß = 24%, Schwarz = 74%.} 0-1

[Event "EYTCC Open U18 2018"]
[Site "Bad Blankeburg"]
[Date "2018.07.13"]
[Round "2"]
[White "Kopylov, Daniel"]
[Black "Szustakowski, Antoni"]
[Result "1/2-1/2"]
[WhiteElo "2272"]
[BlackElo "2330"]
[Annotator "NA"]
[PlyCount "76"]
[EventDate "2018.07.12"]
[EventType "swiss"]
[EventCountry "GER"]
[SourceTitle "playchess.com"]
[Source "ChessBase"]
[SourceQuality "1"]
[TimeControl "40/5400+30:1800+30"]

1. e4 {[%emt 0:00:00]} e6 {[%emt 0:00:00]} 2. d4 {[%emt 0:00:00]} d5 {[%emt 0:00:00]} 3. exd5 {[%emt 0:00:37]} exd5 {[%emt 0:00:00]} 4. Nf3 {[%emt 0:00:09]} Bd6 {[%emt 0:00:09]} 5. c4 {[%emt 0:00:34]} Nf6 {[%emt 0:00:08]} 6. Nc3 {[%emt 0:00:16]} O-O {[%emt 0:00:07]} 7. cxd5 {[%emt 0:00:32]} Nbd7 {[%emt 0:00:19]} 8. Bg5 {[%emt 0:01:04]} Be7 {[%emt 0:02:10]} 9. Qb3 {[%emt 0:13:11]} Nb6 {[%emt 0:05:04]} 10. Bxf6 {[%emt 0:03:10]} Bxf6 {[%emt 0:00:08]} 11. Be2 {[%emt 0:00:33]} a5 {[%emt 0:14:18]} 12. a4 {[%emt 0:02:43]} Bg4 {[%emt 0:00:19]} 13. O-O {[%emt 0:05:19]} Bxf3 {[%emt 0:04:54]} 14. Bxf3 {[%emt 0:00:10]} Bxd4 {[%emt 0:00:04]} 15. Rad1 $11 {[%emt 0:14:27]} Bxc3 {[%emt 0:10:04]} 16. bxc3 {[%emt 0:04:01]} Qd6 {[%emt 0:00:08]} 17. c4 {[%emt 0:10:37]} Rfb8 {[%emt 0:11:08]} 18. Rfe1 {[%emt 0:05:40]} Nd7 {[%emt 0:11:59]} 19. Re3 {[%emt 0:03:15]} b6 {[%emt 0:02:48]} 20. Rde1 {[%emt 0:04:02]} Nf6 {[%emt 0:02:58]} 21. Qb5 {[%emt 0:12:52]} Kf8 {[%emt 0:03:29]} 22. Rc1 {[%emt 0:01:57]} Nd7 {[%emt 0:02:17]} 23. Bg4 {[%emt 0:00:45]} Nc5 {[%emt 0:01:22]} 24. Rce1 {[%emt 0:00:23]} Rd8 {[%emt 0:01:38]} 25. g3 {[%emt 0:01:33]} Rab8 {[%emt 0:02:13]} 26. h4 {[%emt 0:03:18]} Kg8 {[%emt 0:10:06]} 27. h5 {[%emt 0:03:57]} h6 {[%emt 0:01:38]} 28. Bd1 {[%emt 0:01:01]} Nd7 {[%emt 0:01:04]} 29. Qc6 {[%emt 0:02:45]} Qxc6 {[%emt 0:02:15]} 30. dxc6 {[%emt 0:00:04]} Nf6 {[%emt 0:00:07]} 31. Re7 {[%emt 0:02:41]} Re8 {[%emt 0:00:08]} 32. Kf1 {[%emt 0:00:15]} Rbc8 {[%emt 0:01:47]} 33. Bf3 {[%emt 0:02:50]} Kf8 {[%emt 0:01:46]} 34. R7e5 {[%emt 0:00:48]} Rxe5 {[%emt 0:00:59]} 35. Rxe5 {[%emt 0:00:02]} Re8 {[%emt 0:00:45]} 36. Rb5 {[%emt 0:01:40]} Ne4 {[%emt 0:00:52]} 37. Bxe4 {[%emt 0:00:40]} Rxe4 {[%emt 0:00:03]} 38. c5 {[%emt 0:00:16]} Rxa4 {[%emt 0:00:06]} 1/2-1/2

[Event "EYTCC Open U18 2018"]
[Site "Bad Blankeburg"]
[Date "2018.07.13"]
[Round "2"]
[White "Bohus, Adam"]
[Black "Morgunov, Marc"]
[Result "0-1"]
[WhiteElo "2231"]
[BlackElo "2362"]
[Annotator "NA"]
[PlyCount "84"]
[EventDate "2018.07.12"]
[EventType "swiss"]
[EventCountry "GER"]
[SourceTitle "playchess.com"]
[Source "ChessBase"]
[SourceQuality "1"]
[TimeControl "40/5400+30:1800+30"]

1. d4 {[%emt 0:00:00]} Nf6 {[%emt 0:00:00]} 2. c4 {[%emt 0:00:00]} e6 {[%emt 0:00:00]} 3. Nf3 {[%emt 0:00:29]} Bb4+ {[%emt 0:00:00]} 4. Nbd2 {[%emt 0:02:40]} b6 {[%emt 0:00:29]} 5. a3 {[%emt 0:03:58]} Bxd2+ {[%emt 0:00:12]} 6. Qxd2 {[%emt 0:05:28]} Bb7 {[%emt 0:00:09]} 7. e3 {[%emt 0:01:20]} d6 {[%emt 0:00:37]} 8. Be2 {[%emt 0:04:43]} Nbd7 {[%emt 0:01:10]} 9. b4 {[%emt 0:06:11]} O-O {[%emt 0:01:01]} 10. Bb2 {[%emt 0:01:11]} Ne4 {[%emt 0:01:06]} 11. Qc2 {[%emt 0:03:39]} f5 {[%emt 0:02:08]} 12. Rd1 {[%emt 0:09:12]} Qe7 {[%emt 0:07:56]} 13. d5 {[%emt 0:07:57]} e5 $14 {[%emt 0:01:24]} 14. Bd3 {[%emt 0:17:40]} Ndf6 {[%emt 0:07:44]} 15. Nd2 {[%emt 0:03:54]} Nxf2 {[%emt 0:08:21]} 16. Kxf2 {[%emt 0:00:22]} Ng4+ {[%emt 0:00:06]} 17. Ke2 {[%emt 0:03:39]} e4 {[%emt 0:05:08]} 18. h3 {[%emt 0:07:27]} exd3+ {[%emt 0:03:05]} 19. Qxd3 {[%emt 0:00:07]} Nh6 {[%emt 0:07:12]} 20. Rde1 {[%emt 0:10:30]} c6 {[%emt 0:08:02]} 21. dxc6 {[%emt 0:04:29]} Bxc6 {[%emt 0:00:07]} 22. Nf3 {[%emt 0:01:48]} Be4 {[%emt 0:01:53]} 23. Qc3 {[%emt 0:01:53]} Rac8 {[%emt 0:06:15]} 24. Nd2 {[%emt 0:01:49]} d5 {[%emt 0:00:26]} 25. Nxe4 {[%emt 0:01:15]} fxe4 {[%emt 0:02:40]} 26. Rhf1 {[%emt 0:00:35]} Rxc4 {[%emt 0:04:38]} 27. Rxf8+ {[%emt 0:00:08]} Kxf8 {[%emt 0:00:10]} 28. Rf1+ {[%emt 0:00:37]} Kg8 {[%emt 0:01:00]} 29. Qd2 {[%emt 0:00:07]} Qe6 {[%emt 0:02:46]} 30. Rd1 {[%emt 0:00:28]} Nf5 {[%emt 0:00:31]} 31. Qxd5 {[%emt 0:00:36]} Rc2+ {[%emt 0:00:10]} 32. Ke1 {[%emt 0:00:10]} Qxd5 {[%emt 0:01:08]} 33. Rxd5 {[%emt 0:00:02]} Nxe3 {[%emt 0:00:40]} 34. Rd8+ {[%emt 0:00:01]} Kf7 {[%emt 0:00:08]} 35. Bd4 {[%emt 0:00:44]} Nxg2+ {[%emt 0:00:48]} 36. Kd1 {[%emt 0:01:38]} Ra2 {[%emt 0:00:58]} 37. Rd7+ {[%emt 0:00:28]} Ke6 {[%emt 0:00:16]} 38. Rd8 {[%emt 0:01:04]} Rxa3 {[%emt 0:04:26]} 39. Re8+ {[%emt 0:00:29]} Kf7 {[%emt 0:04:12]} 40. Rxe4 {[%emt 0:00:34]} Rxh3 {[%emt 0:00:22]} 41. Ke2 {[%emt 0:03:57]} Rh4 {[%emt 0:01:31]} 42. Kf3 {[%emt 0:00:14]} Ne1+ {[%emt 0:00:53]} 0-1

[Event "EYTCC Open U18 2018"]
[Site "Bad Blankeburg"]
[Date "2018.07.14"]
[Round "3"]
[White "Gumularz, Szymon"]
[Black "Blohberger, Felix"]
[Result "0-1"]
[WhiteElo "2461"]
[BlackElo "2420"]
[Annotator "TA"]
[PlyCount "110"]
[EventDate "2018.07.12"]
[EventType "swiss"]
[EventCountry "GER"]
[SourceTitle "playchess.com"]
[Source "ChessBase"]
[SourceQuality "1"]

{[%evp 16,110,12,10,28,21,26,20,14,0,0,0,3,0,0,-22,-24,-27,-20,-27,-13,-23,-26,-144,19,-13,-2,-7,-13,-79,-94,-79,-89,-75,-89,-63,-10,-41,42,27,43,33,39,18,0,-25,41,54,79,85,67,-148,-143,-158,-151,-278,-6,-380,-366,-464,-458,-470,-405,-547,-555,-537,-559,-539,-538,-479,-443,-575,-587,-537,-503,-609,-583,-750,-750,-742,-734,-738,-737,-693,-712,-696,-695,-683,-672,-972,-912,-29985,-29986,-29986,-29987,-29987,-29988]} 1. e4 e5 2. Nf3 Nc6 3. Bc4 Bc5 4. c3 Nf6 5. d3 d6 6. Nbd2 {[%cal Bb1d2,Bd2f1,Bf1g3][%mdl 32]} a5 {C54: Italienische Partie (Hauptvariante)} 7. O-O h6 8. Re1 O-O 9. Nf1 {LiveBook: 11 Partien} Ne7 (9... Bb6 10. Be3 Bxe3 11. Nxe3 Be6 12. Bb5 Ne7 13. Ba4 Ng6 14. Bc2 Re8 15. d4 {1-0 (54) Vachier Lagrave,M (2789)-Caruana,F (2816) Paris 2018}) 10. Ng3 Ng6 11. Bb3 a4 12. Bc2 $146 ({Vorgänger:} 12. Bxa4 Bg4 13. d4 exd4 14. cxd4 Bb4 15. Re3 {1-0 (33) Sethuraman,S (2631)-Naiditsch,A (2701) Sharjah 2018}) 12... b5 13. d4 Bb6 14. h3 c5 15. d5 c4 16. Nh2 Bd7 17. a3 Bc5 18. Nhf1 Nh7 19. Ne3 (19. Nf5 $11) 19... Nh4 $2 (19... Nf4 $1 $17 {Weiss muss nun ...Dh4 beachten.} 20. Ngf5 h5) 20. Kh2 Bxe3 21. Bxe3 f5 22. f4 (22. exf5 $11 {hält das Gleichgewicht.} Nxf5 23. Qb1) 22... g5 $1 $17 {[%cal Rg5f4]} 23. fxe5 {Droht exf5 und aus.} f4 24. e6 {Und Lf2 würde nun gewinnen.} fxg3+ 25. Kxg3 Qf6 (25... Be8 $15) 26. Kh2 Qe5+ (26... Be8 $1 $15) 27. Kh1 $14 Be8 28. Bd4 Qg3 {[%csl Gh4][%cal Rg3g2]} 29. Qg4 Qxg4 30. hxg4 Ng6 ({Günstiger ist} 30... Nf6 $1 $11) 31. e5 $1 {[%cal Re5d6]} Nxe5 32. Bxe5 dxe5 33. Rxe5 $2 (33. Rad1 $14 {behält die Oberhand.}) 33... Ra6 $1 $17 34. Bf5 {[#]} Kg7 $1 35. Kg1 {[#]} (35. e7 $17 Rh8 36. Rd1) 35... Rd6 $2 (35... Nf6 $1 $19 {zielt auf ...Td6 ab.} 36. Rf1 Rh8) 36. Rd1 $2 {[%mdl 8192]} (36. Bxh7 $1 $11 {und Weiss steht sicher.} Kxh7 37. Rf1 Rxf1+ 38. Kxf1) 36... Nf6 $19 37. Rd4 Bg6 38. g3 Rfd8 39. Kf2 Bxf5 40. gxf5 {Weiss hofft, mit e7 fortzusetzen.} Rxd5 41. e7 Rxd4 42. cxd4 {[%mdl 4096] Endspiel KTS-KT} Re8 {Und weiter mit ...Sg4+ wäre nett.} 43. Rxb5 Rxe7 44. Rb4 Ne4+ 45. Kg2 Nd6 46. g4 Re4 47. Kg3 Rxd4 48. Rxa4 Rd3+ 49. Kf2 Rd2+ 50. Ke3 Rxb2 51. Ra6 Rb3+ 52. Kd4 {[#]} Rxa3 $1 {[%mdl 512]} 53. Rxd6 (53. Rxa3 Nb5+) 53... Rd3+ {Schwarz setzt Matt.} 54. Ke5 Rxd6 55. Kxd6 Kf6 {Precision: Weiß = 33%, Schwarz = 55%.} 0-1

[Event "EYTCC Open U18 2018"]
[Site "Bad Blankeburg"]
[Date "2018.07.14"]
[Round "3"]
[White "Engel, Luis"]
[Black "Schmidek, Emil"]
[Result "1/2-1/2"]
[WhiteElo "2459"]
[BlackElo "2376"]
[Annotator "TA"]
[PlyCount "85"]
[EventDate "2018.07.12"]
[EventType "swiss"]
[EventCountry "GER"]
[SourceTitle "playchess.com"]
[Source "ChessBase"]
[SourceQuality "1"]

{[%evp 32,85,10,17,34,-17,-25,-19,-14,-37,-12,-98,-31,-50,-12,-17,0,0,0,-58,25,25,25,26,27,12,16,33,24,24,21,0,0,0,11,7,27,11,21,0,0,0,0,0,0,0,0,0,67,0,10,0,0,0,0,0]} 1. e4 e5 2. Nf3 Nc6 3. Bb5 {[%cal Bf1b5,Bb5a4,Ba4b3][%mdl 32]} a6 4. Ba4 b5 5. Bb3 Nf6 6. O-O Be7 7. d3 d6 8. c3 O-O 9. Re1 Na5 10. Bc2 c5 11. Nbd2 Nc6 12. Nf1 Re8 13. Ne3 Bf8 14. a4 Rb8 {C90: Closed Ruy Lopez with 7...d6: Early deviations} (14... b4 15. Nd5 h6 16. a5 Nxd5 17. exd5 Nxa5 18. Ba4 Re7 19. Nd2 Rb8 20. c4 Nb7 21. Ne4 f5 22. Ng3 {1-0 (43) Carlsen,M (2837)-Ding,L (2774) Saint Louis 2017}) 15. axb5 axb5 16. h3 h6 17. Bb3 {LiveBook: 3 Games} Be6 18. Nh2 (18. Bxe6 $14 fxe6 19. Bd2) 18... d5 $11 {[%cal Bd6d5,Bd5d4][%mdl 32]} 19. Nhg4 $146 ({Predecessor:} 19. exd5 Nxd5 20. Neg4 Nc7 21. Bxe6 Rxe6 22. f4 exf4 23. Bxf4 {1-0 (37) Siuniakov,I (2278)-Nigametzianov,M (2373) Novokuznetsk 2007}) 19... Nxg4 20. hxg4 {[%cal Re4d5]} d4 {[#] Threatens to win with ...c4.} 21. Nd5 (21. Bxe6 $11 fxe6 22. Nf1) 21... Na5 (21... Qh4 $17 22. g5 hxg5) 22. Ba2 c4 (22... dxc3 {keeps more tension.} 23. bxc3 b4 24. Rb1 Nc6 25. Be3 bxc3 26. Rxb8 Qxb8 27. Nxc3 Bxa2 28. Nxa2 Rd8) 23. cxd4 Bxd5 (23... Nc6 {feels hotter.} 24. dxc4 bxc4 25. Bxc4 Nxd4 26. Be3 Rxb2 27. g5 hxg5 28. Qh5 g6) 24. exd5 Qxd5 25. dxe5 (25. Bd2 $11 Nc6 26. dxc4 bxc4 27. Rc1) 25... Rxe5 (25... Rbd8 $15) 26. Bf4 Rxe1+ 27. Qxe1 Ra8 28. Bb1 Nb3 29. Rxa8 Qxa8 30. dxc4 bxc4 31. Be5 Nc5 32. Qd1 Qe8 33. Bc3 Qc6 34. Qd4 Qa6 35. Bf5 Na4 36. Bd2 Qb5 37. Bc1 Qb4 38. Kf1 g6 39. Bc2 Bg7 (39... Qb5 $11 40. Kg1 Bg7 41. Qd8+ Kh7) 40. Qd8+ (40. Qd5 $14 Nb6 41. Qd8+ Kh7 42. Qc7) 40... Kh7 {The position is equal.} 41. Qd5 Nxb2 42. Bxb2 Qxb2 43. Qxc4 {Precision: White = 42%, Black = 34%.} 1/2-1/2

[Event "EYTCC Open U18 2018"]
[Site "Bad Blankeburg"]
[Date "2018.07.14"]
[Round "3"]
[White "Gavrilescu, David"]
[Black "Zarubitski, Viachaslau"]
[Result "1-0"]
[WhiteElo "2451"]
[BlackElo "2412"]
[Annotator "TA"]
[PlyCount "93"]
[EventDate "2018.07.12"]
[EventType "swiss"]
[EventCountry "GER"]
[SourceTitle "playchess.com"]
[Source "ChessBase"]
[SourceQuality "1"]

{[%evp 18,93,0,0,29,20,5,0,45,47,48,53,72,69,64,68,88,79,93,26,67,70,71,69,68,64,54,59,70,23,36,37,39,36,67,0,0,0,0,0,0,0,0,0,0,0,0,0,0,0,0,0,0,0,0,0,69,75,641,602,651,600,555,510,1129,1127,1016,942,1240,1193,1468,1365,2903,2405,2266,1953,29971,29969]} 1. e4 {Erenburg,S} e5 2. Bc4 Nf6 3. d3 c6 4. Nf3 d5 5. Bb3 Bb4+ 6. Bd2 {C24: Bishop's Opening: 2...Nf6} Bxd2+ 7. Qxd2 O-O 8. Nxe5 Qe7 9. f4 dxe4 10. d4 {LiveBook: 5 Games} Nd5 11. O-O f6 12. Nc4 Kh8 13. Nc3 Nxc3 14. Qxc3 {[#]} Be6 $146 15. f5 Bd5 16. Rae1 Nd7 17. Nd2 Rae8 {[#]} 18. Qe3 ({White should try} 18. Nxe4 $1 $16 {[%mdl 512] Bxd5 is the strong threat.} Bxe4 19. Rf4) 18... Nb6 19. c4 Bf7 20. Rf4 {[%cal Rf4e4]} Qd7 21. Qf2 a5 22. a4 ({Of course not} 22. Rexe4 a4 $15) 22... h6 23. Rfxe4 Rxe4 24. Rxe4 Re8 $1 25. Rxe8+ Qxe8 26. h3 (26. Kf1 $1 $14) 26... Qe7 $11 27. d5 Qb4 28. d6 Nd7 29. Qd4 Kh7 30. Bc2 (30. Kh2 {keeps more tension.} b5 31. axb5 cxb5 32. Bd1 bxc4 33. Be2) 30... c5 31. Qc3 Qxc3 32. bxc3 {[%mdl 4096] Endgame Threatens to win with Be4. KBN-KBN} Kg8 33. Be4 b6 34. Bc6 Ne5 35. Bb5 {[#] aiming for d7.} Kf8 36. Kf2 Be8 (36... Bg8 $11) 37. Ke3 $14 Bd7 $2 {[%mdl 8192]} (37... Bf7 $16) 38. Bxd7 $18 Nxd7 {KN-KN} 39. Ke4 Ke8 40. Kd5 Nb8 (40... Ne5 $142 41. Nf3 Nd7) 41. Nf3 Kd7 42. Nh4 Ke8 43. Ng6 Kf7 44. Ne7 Ke8 45. Nc8 Nd7 46. Kc6 Ne5+ 47. Kc7 {Precision: White = 75%, Black = 49%.} 1-0

[Event "EYTCC Open U18 2018"]
[Site "Bad Blankeburg"]
[Date "2018.07.14"]
[Round "3"]
[White "Horvath, Dominik"]
[Black "Janik, Igor"]
[Result "1/2-1/2"]
[WhiteElo "2429"]
[BlackElo "2420"]
[Annotator "TA"]
[PlyCount "62"]
[EventDate "2018.07.12"]
[EventType "swiss"]
[EventCountry "GER"]
[SourceTitle "playchess.com"]
[Source "ChessBase"]
[SourceQuality "1"]

{[%evp 18,62,18,18,18,8,37,0,22,0,17,0,37,35,47,38,40,43,52,20,22,21,28,27,20,29,16,16,16,25,25,18,24,7,35,36,45,27,21,22,27,1,18,20,20,20,25]} 1. Nf3 Nf6 2. g3 d5 3. Bg2 c6 4. c4 g6 5. b3 Bg7 6. Bb2 O-O 7. O-O Bg4 8. d3 Bxf3 9. Bxf3 Re8 {A11: English Opening: 1...c6} 10. Nd2 {LiveBook: 5 Games} e5 11. Rc1 $146 ({Predecessor:} 11. Qc2 Na6 12. a3 d4 13. b4 Qd7 14. Bg2 h5 15. Nf3 Rad8 16. Rad1 Ng4 17. Bc1 {0-1 (35) Sriram,J (2375)-Sandipan,C (2594) Dubai 2014}) 11... Qa5 12. Qc2 Nbd7 13. cxd5 cxd5 14. a3 Nb6 15. b4 Qb5 16. Bg2 Rac8 17. Qb3 Rc6 18. Rc2 Nfd7 19. Rfc1 Rec8 20. Nb1 {[#] aiming for Nc3.} Qa4 21. Qxa4 Nxa4 22. Rxc6 Rxc6 23. Rxc6 bxc6 24. Bc1 Ndb6 25. Kf1 Kf8 26. Ke1 Ke7 27. Kd2 Bh6+ 28. e3 f5 29. Nc3 Kd6 {The position is equal.} 30. Nxa4 Nxa4 31. Kc2 Nb6 {Precision: White = 46%, Black = 57%.} 1/2-1/2

[Event "EYTCC Open U18 2018"]
[Site "Bad Blankeburg"]
[Date "2018.07.14"]
[Round "3"]
[White "Nikitenko, Mihail"]
[Black "Banzea, Alexandru-Bogdan"]
[Result "1-0"]
[WhiteElo "2371"]
[BlackElo "2337"]
[Annotator "NA"]
[PlyCount "93"]
[EventDate "2018.07.12"]
[EventType "swiss"]
[EventCountry "GER"]
[SourceTitle "playchess.com"]
[Source "ChessBase"]
[SourceQuality "1"]
[TimeControl "40/5400+30:1800+30"]

1. e4 {[%emt 0:00:00]} c6 {[%emt 0:00:00]} 2. Nc3 {[%emt 0:00:00]} d5 {[%emt 0:00:00]} 3. Nf3 {[%emt 0:00:00]} Nf6 {[%emt 0:00:00]} 4. e5 {[%emt 0:00:00]} Ne4 {[%emt 0:00:00]} 5. Ne2 {[%emt 0:00:03]} Qb6 {[%emt 0:00:04] B11: Caro-Kann: Two Knights Variation} 6. d4 {[%emt 0:00:13]} e6 {[%emt 0:00:15]} 7. Nfg1 {[%emt 0:00:08]} f6 {[%emt 0:00:09]} 8. f3 {[%emt 0:00:22]} Ng5 {[%emt 0:00:15]} 9. exf6 {[%emt 0:00:07]} gxf6 {[%emt 0:00:05]} 10. f4 {[%emt 0:00:04]} Nf7 {[%emt 0:00:04]} 11. Ng3 {[%emt 0:00:38]} e5 {[%emt 0:01:32]} 12. Nf3 {[%emt 0:00:22]} Bg4 $146 {[%emt 0:03:54]} ({Predecessor:} 12... e4 13. Nh4 {1-0 (46) Lu,S (2627)-Tari,A (2584) Doha 2016}) 13. Be2 {[%emt 0:02:57]} e4 {[%emt 0:03:08]} 14. Nh4 {[%emt 0:03:20]} Bxe2 {[%emt 0:00:47]} 15. Nxe2 {[%emt 0:00:18]} Nd7 {[%emt 0:05:10]} 16. Nf5 {[%emt 0:04:25]} O-O-O {[%emt 0:05:05]} 17. Ne3 {[%emt 0:00:32]} Nd6 {[%emt 0:03:00]} 18. O-O {[%emt 0:02:15]} h5 {[%emt 0:18:54]} 19. b3 {[%emt 0:00:53]} Qa6 {[%emt 0:03:54]} 20. a4 {[%emt 0:01:38]} Kb8 {[%emt 0:05:41]} 21. Ba3 {[%emt 0:01:15]} Ka8 {[%emt 0:10:35]} 22. Qd2 {[%emt 0:00:13]} h4 {[%emt 0:03:03]} 23. f5 {[%emt 0:03:19]} Ne8 {[%emt 0:03:27]} 24. Nf4 {[%emt 0:01:33]} Bxa3 {[%emt 0:00:29]} 25. Rxa3 {[%emt 0:04:16]} Nf8 {[%emt 0:00:47]} 26. b4 {[%emt 0:09:58]} Nd6 {[%emt 0:01:30]} 27. Qc3 {[%emt 0:00:55]} Rh7 {[%emt 0:04:21]} 28. b5 {[%emt 0:06:01]} cxb5 {[%emt 0:03:08]} 29. Nfxd5 {[%emt 0:00:31]} Nc4 {[%emt 0:07:21]} 30. axb5 {[%emt 0:06:17]} Qxa3 {[%emt 0:01:11]} 31. Qxc4 $14 {[%emt 0:00:04]} Kb8 {[%emt 0:02:40]} 32. Qe2 {[%emt 0:03:27]} Qb2 {[%emt 0:01:41]} 33. Rd1 {[%emt 0:12:27]} Rhd7 {[%emt 0:01:34]} 34. Qc4 {[%emt 0:00:04]} Rc8 {[%emt 0:04:25]} 35. Qb4 {[%emt 0:00:05]} Qxb4 {[%emt 0:00:55]} 36. Nxb4 {[%emt 0:00:04]} Rdc7 {[%emt 0:00:52]} 37. Nbd5 {[%emt 0:00:50]} Rxc2 {[%emt 0:00:50]} 38. Nxc2 {[%emt 0:00:18]} Rxc2 {[%emt 0:00:07]} 39. Re1 {[%emt 0:01:41]} Kc8 {[%emt 0:04:51]} 40. Rxe4 {[%emt 0:00:23]} Kd8 {[%emt 0:00:45]} 41. Nxf6 {[%emt 0:30:10]} Rc8 {[%emt 0:33:07]} 42. g4 {[%emt 0:03:01]} hxg3 {[%emt 0:00:00]} 43. hxg3 {[%emt 0:00:00]} Kc7 {[%emt 0:00:00]} 44. g4 {[%emt 0:00:00]} Kb6 {[%emt 0:00:00]} 45. g5 {[%emt 0:00:00]} Kxb5 {[%emt 0:00:00]} 46. g6 {[%emt 0:00:00]} Rc7 {[%emt 0:00:00]} 47. Ne8 {[%emt 0:00:00]} 1-0

[Event "EYTCC Open U18 2018"]
[Site "Bad Blankeburg"]
[Date "2018.07.14"]
[Round "3"]
[White "Szabo, Marton Mihaly"]
[Black "Subelj, Jan"]
[Result "0-1"]
[WhiteElo "2371"]
[BlackElo "2327"]
[Annotator "NA"]
[PlyCount "85"]
[EventDate "2018.07.12"]
[EventType "swiss"]
[EventCountry "GER"]
[SourceTitle "playchess.com"]
[Source "ChessBase"]
[SourceQuality "1"]
[TimeControl "40/5400+30:1800+30"]

1. e4 {[%emt 0:00:00]} e5 {[%emt 0:00:53]} 2. Nf3 {[%emt 0:00:00]} Nc6 {[%emt 0:00:10]} 3. d4 {[%emt 0:00:32]} exd4 {[%emt 0:00:11]} 4. Nxd4 {[%emt 0:00:29]} Nf6 {[%emt 0:00:36]} 5. Nxc6 {[%emt 0:00:13]} bxc6 {[%emt 0:00:04]} 6. Qe2 {[%emt 0:00:20] LiveBook: 142 Games C45: Scotch Game} (6. Bd3 d5 7. e5 Ng4 8. O-O Bc5 9. Bf4 g5 10. Bd2 O-O 11. Nc3 Nxe5 12. Qh5 Nxd3 13. cxd3 f6 14. Rac1 Bf5 15. Rfe1 Bxd3 16. Qh3 Bg6 17. Qe6+ {½-½ (57) Vachier Lagrave,M (2789)-Anand,V (2759) Paris 2018}) 6... Bc5 {[%emt 0:13:42]} 7. e5 {[%emt 0:00:18]} Nd5 {[%emt 0:00:08]} 8. Qg4 {[%emt 0:00:36]} Kf8 {[%emt 0:03:27]} 9. c4 {[%emt 0:03:49]} d6 $146 {[%emt 0:03:57]} ({Predecessor:} 9... Nb6 10. Qe4 d5 11. exd6 Qf6 12. Qf4 Bf5 13. Be2 Re8 14. dxc7 {1-0 (33) Kulkarni,R (2390)-Vajda,L (2577) Budapest 2018}) 10. Qe4 {[%emt 0:02:16]} Ne7 {[%emt 0:01:36]} 11. exd6 {[%emt 0:05:16]} cxd6 {[%emt 0:03:14]} 12. Bd3 {[%emt 0:13:33]} Qa5+ {[%emt 0:26:44]} 13. Bd2 {[%emt 0:12:34]} Qb6 {[%emt 0:02:04]} 14. O-O {[%emt 0:01:27]} Qxb2 {[%emt 0:01:37]} 15. Bc3 {[%emt 0:01:37]} Qb7 {[%emt 0:00:26]} 16. Nd2 {[%emt 0:09:42]} d5 {[%emt 0:05:12]} 17. Qe5 {[%emt 0:09:34]} f6 {[%emt 0:00:47]} 18. Qh5 {[%emt 0:00:12]} Be6 {[%emt 0:04:56]} 19. Qe2 {[%emt 0:05:44]} Bf7 {[%emt 0:06:57]} 20. Nb3 {[%emt 0:01:08]} Bd6 {[%emt 0:02:08]} 21. c5 {[%emt 0:00:36]} Bb8 $14 {[%emt 0:00:44]} 22. Ba6 {[%emt 0:02:11]} Qd7 {[%emt 0:01:04]} 23. Rab1 {[%emt 0:04:41]} Ng6 {[%emt 0:03:31]} 24. g3 {[%emt 0:06:19]} Be5 {[%emt 0:01:48]} 25. Nd4 {[%emt 0:02:53]} Re8 {[%emt 0:00:43]} 26. Qf3 {[%emt 0:01:40]} h5 {[%emt 0:07:05]} 27. Rb7 {[%emt 0:08:11]} Qh3 {[%emt 0:00:07]} 28. Rfb1 {[%emt 0:03:28]} Bxd4 {[%emt 0:00:35]} 29. Bxd4 {[%emt 0:00:44]} Nh4 {[%emt 0:00:18]} 30. Qh1 {[%emt 0:00:56]} Bg6 {[%emt 0:00:25]} 31. gxh4 {[%emt 0:02:12]} Be4 {[%emt 0:00:53]} 32. R7b3 {[%emt 0:01:04]} Qf5 {[%emt 0:00:23]} 33. f3 {[%emt 0:01:39]} Bxb1 {[%emt 0:00:03]} 34. Kf2 {[%emt 0:00:27]} Qc2+ {[%emt 0:00:45]} 35. Kg3 {[%emt 0:00:06]} Qg6+ {[%emt 0:03:56]} 36. Kf2 {[%emt 0:00:15]} Bxa2 {[%emt 0:00:23]} 37. Rb2 {[%emt 0:00:23]} Bc4 {[%emt 0:00:05]} 38. Bxc4 {[%emt 0:00:54]} dxc4 {[%emt 0:00:02]} 39. Rd2 {[%emt 0:00:27]} Qh6 {[%emt 0:01:19]} 40. Qc1 {[%emt 0:00:58]} Qf4 {[%emt 0:00:13]} 41. Kf1 {[%emt 0:02:28]} Qxf3+ {[%emt 0:01:50]} 42. Bf2 {[%emt 0:00:09]} Rh6 {[%emt 0:02:39]} 43. Qd1 0-1